Stade Rennais FC Squad 2025-2026 - Statistics

General Stats
  • This quiz has been taken 35 times
    15 since last reset
  • The average score is 14 of 28
Answer Stats
# Position Nation Player % Correct
7 FW Switzerland Breel Embolo
86%
30 GK France Brice Samba
86%
18 DF Cameroon Mahamadou Nagida
86%
28 MF Finland Glen Kamara
79%
11 FW Jordan Mousa Tamari
79%
95 DF Poland Przemysław Frankowski
79%
- Coach Senegal Habib Beye
71%
33 DF Netherlands Hans Hateboer
71%
97 DF France Jérémy Jacquet
71%
48 DF Morocco Abdelhamid Ait Boudlal
64%
24 DF France Anthony Rouault
64%
70 FW France Arnaud Nordin
64%
26 DF France Quentin Merlin
64%
3 DF France Lilian Brassier
57%
17 MF Poland Sebastian Szymański
50%
65 FW France Nordan Mukiele
36%
8 MF Ivory Coast Seko Fofana
36%
36 DF Ghana Alidu Seidu
29%
45 MF France Mahdi Camara
29%
6 MF France Djaoui Cissé
21%
9 FW France Estéban Lepaul
21%
39 FW France Kader Meïté
21%
10 FW France Ludovic Blas
21%
21 MF France Valentin Rongier
21%
23 GK France Gauthier Gallon
14%
77 FW Morocco Yassir Zabiri
14%
75 FW Ecuador Elías Legendre Quiñónez
7%
- Coach France Sébastien Tambouret
7%
No matching quizzes found
Score Distribution
Percent of People with Each Score
Percentile by Number Answered
Your Score History
You have not taken this quiz since the last reset